01050 2200325 4500001002100000005001500021035002000036007000300056008004100059020002200100082001500122084001700137100003100154245013900185250002600324300004200350650003600392700003800428700002900466504002500495264003000520336002100550337003000571338002300601040002200624090002200646850001200668999002200680990002200702INLIS00000000090249920260206014250 a0010-0226000335ta260206s2025 yoia g | ind d a978-979-21-8500-304223a362.76 a362.76 NUR k0 aNurina WardhaniePengarang10aKekerasan seksual terhadap anak :bapa yang orang tua perlu tahu? /cNurina Wardhani, Novia Dwi Rahmaningsih; penyunting, Rosa de Lima aCetakan Pertama, 2025 a184 halaman :btabel, gambar ;c21 cm 4aPelecehan seksual terhadap anak0 aNovia Dwi RahmaningsihePengarang0 aRosa de LimaePenyunting atermasuk bibliografi31aSleman :bKanisius,c2025 2rdacontentateks 2rdamediaatanpa perantara 2rdacarrieravolume aYOPDYOGbinderda aCB-D.11 2025-4886 aYOPDYOG aCB-D.11/2025-4886 aCB-D.11/2025-4886